Statistics for Utah Jazz 2017-18 Most Games Leading Team in Scoring

Click here to take the quiz!

General Stats

  • This quiz has been taken 62 times
  • The average score is 5 of 9

Answer Stats

PlayerGames% Correct
Rudy Gobert9
100%
Donovan Mitchell45
98%
Joe Ingles1
81%
Ricky Rubio11
65%
Derrick Favors3
57%
Jae Crowder1
41%
Rodney Hood12
37%
Alec Burks4
22%
Raul Neto1
9%

Score Distribution

Percentile by Number Answered

Percent of People with Each Score

Your Score History

You have not taken this quiz